[Event "Paris-ch 94th"]
[Site "Paris"]
[Date "2019.07.11"]
[Round "6"]
[White "Gervasio, Ricardo"]
[Black "Rahul, S."]
[Result "0-1"]
[WhiteElo "2223"]
[BlackElo "2261"]
[PlyCount "56"]
[EventDate "2019.07.07"]
[EventType "swiss"]
[EventRounds "9"]
[EventCountry "FRA"]
[SourceTitle "CBM 191 Extra"]
[Source "ChessBase"]
[SourceDate "2019.09.30"]
[SourceVersion "1"]
[SourceVersionDate "2019.09.30"]
[SourceQuality "1"]

1. d4 Nf6 2. c4 g6 3. Nc3 Bg7 4. e4 d6 5. Nf3 0-0 6. Be2 e5 7. 0-0 Nc6 8. d5 Ne7 9. Nd2 Nd7 10. b4 a5 11. bxa5 Rxa5 12. a4 f5 13. Ba3 Ra8 14. Bb4 Bh6 15. Nb3 fxe4 16. Nxe4 Nf6 17. Nc3 Nf5 18. Nb5 Ne4 19. c5 Ne3 20. Qd3 Nxf1 21. Rxf1 Rxa4 22. Be1 Bf5 23. Qd1 Ra2 24. Bc4 Qg5 25. h4 Qxh4 26. N3d4 Bg4 27. Ne2 Bf4 28. g3 Bxg3 0-1

[Event "Paris-ch 94th"]
[Site "Paris"]
[Date "2019.07.10"]
[Round "5"]
[White "Rahul, S."]
[Black "Fitzsimons, David"]
[Result "1/2-1/2"]
[WhiteElo "2261"]
[BlackElo "2301"]
[PlyCount "124"]
[EventDate "2019.07.07"]
[EventType "swiss"]
[EventRounds "9"]
[EventCountry "FRA"]
[SourceTitle "CBM 191 Extra"]
[Source "ChessBase"]
[SourceDate "2019.09.30"]
[SourceVersion "1"]
[SourceVersionDate "2019.09.30"]
[SourceQuality "1"]

1. e4 e6 2. d4 d5 3. Nd2 Nf6 4. e5 Nfd7 5. Bd3 c5 6. c3 Nc6 7. Ne2 cxd4 8. cxd4 f6 9. exf6 Qxf6 10. Nf3 h6 11. 0-0 Bd6 12. Ng3 0-0 13. Bb1 Rf7 14. Nh5 Qe7 15. Bg6 Rxf3 16. Qxf3 Nxd4 17. Qd3 e5 18. Be3 Nc5 19. Qd2 Nce6 20. Kh1 Nf8 21. Bd3 Qh4 22. Ng3 Nfe6 23. Rac1 Bd7 24. Bf5 Rf8 25. Bxd4 exd4 26. f4 g5 27. Bxe6+ Bxe6 28. Ne2 d3 29. Qxd3 Rf6 30. g3 Qh3 31. Rf3 Bg4 32. Re3 Kg7 33. Ng1 Qh5 34. Qxd5 gxf4 35. Qxh5 Bxh5 36. gxf4 Bxf4 37. Re7+ Kf8 38. Rce1 Bf7 39. Rd7 Bxa2 40. Ne2 Bg5 41. Nc3 Bf7 42. Ne4 Rf5 43. Nd6 Rf2 44. Rxf7+ Rxf7 45. Re8+ Kg7 46. Nxf7 Kxf7 47. Rb8 b6 48. Rb7+ Ke6 49. Rxa7 Kd5 50. Rc7 Be3 51. Rc2 b5 52. Kg2 Ke4 53. Kg3 Bd4 54. Kg4 Kd3 55. Rg2 b4 56. Kh5 Be3 57. Rg4 Bd2 58. Rg3+ Kc2 59. b3 Bc3 60. Kxh6 Kxb3 61. h4 Kc4 62. Kg6 b3 1/2-1/2

[Event "Paris-ch 94th"]
[Site "Paris"]
[Date "2019.07.07"]
[Round "1"]
[White "Rahul, S."]
[Black "Guilleux, Fabien"]
[Result "0-1"]
[WhiteElo "2261"]
[BlackElo "2442"]
[PlyCount "116"]
[EventDate "2019.07.07"]
[EventType "swiss"]
[EventRounds "9"]
[EventCountry "FRA"]
[SourceTitle "CBM 191 Extra"]
[Source "ChessBase"]
[SourceDate "2019.09.30"]
[SourceVersion "1"]
[SourceVersionDate "2019.09.30"]
[SourceQuality "1"]

1. e4 c5 2. Nf3 Nc6 3. Bb5 e6 4. Bxc6 bxc6 5. 0-0 Ne7 6. e5 Ng6 7. d3 Be7 8. Nbd2 0-0 9. Re1 Rb8 10. Rb1 f6 11. exf6 gxf6 12. Nb3 e5 13. Bh6 Rf7 14. c3 d6 15. Nbd2 Be6 16. Qa4 Qd7 17. Nf1 Kh8 18. Ng3 Bd5 19. Nd2 f5 20. c4 Be6 21. b4 cxb4 22. Rxb4 Rxb4 23. Qxb4 Bf8 24. Bxf8 Rxf8 25. d4 c5 26. dxc5 dxc5 27. Qc3 Qd4 28. Qc2 e4 29. Nb3 Qe5 30. Ne2 Rg8 31. Kh1 Nh4 32. Ng3 Rd8 33. Qe2 Ng6 34. Nh5 f4 35. Rd1 Rxd1+ 36. Qxd1 e3 37. Qd8+ Bg8 38. fxe3 fxe3 39. Nc1 Qa1 40. Qd1 Bxc4 41. Qe1 Qd4 42. h3 Qd2 43. Qg1 e2 44. Nxe2 Qxe2 45. Qxc5 Qe1+ 46. Kh2 Qe5+ 47. Qxe5+ Nxe5 48. a3 Bb3 49. Kg3 Nc4 50. Kf4 Nxa3 51. Ke4 Nc2 52. Kd3 a5 53. Kc3 a4 54. g4 Ne3 55. g5 Bf7 56. Ng3 a3 57. Ne4 a2 58. Kb2 Nc2 0-1

[Event "Batumi Municipality Cup"]
[Site "Batumi"]
[Date "2018.07.09"]
[Round "8"]
[White "Oboladze, Luka"]
[Black "Rahul, S."]
[Result "1-0"]
[WhiteElo "2378"]
[BlackElo "2253"]
[PlyCount "139"]
[EventDate "2018.07.02"]
[EventType "swiss"]
[EventRounds "9"]
[EventCountry "GEO"]
[SourceTitle "CBM 185 Extra"]
[Source "ChessBase"]
[SourceDate "2018.07.29"]
[SourceVersion "1"]
[SourceVersionDate "2018.07.29"]
[SourceQuality "1"]

1. Nf3 Nf6 2. c4 g6 3. g3 Bg7 4. Bg2 0-0 5. 0-0 d6 6. Nc3 Nc6 7. d3 e5 8. b3 h6 9. Bb2 Be6 10. e3 Qd7 11. d4 exd4 12. Nxd4 Nxd4 13. Qxd4 Ng4 14. Qd2 c6 15. Rad1 Rfd8 16. Ne4 d5 17. Bxg7 Kxg7 18. Qd4+ Kg8 19. Nc5 Qe7 20. Nxe6 Qxe6 21. cxd5 cxd5 22. Bxd5 Qf5 23. h3 Ne5 24. Qf4 Qxf4 25. gxf4 Nc6 26. Bf3 Kg7 27. Rc1 Rd2 28. Rfd1 Rad8 29. Rxd2 Rxd2 30. a3 Rd3 31. Bd1 Na5 32. Rb1 Kf6 33. Kf1 Ke7 34. Ke2 Rd5 35. b4 Nc4 36. Bb3 b5 37. Bxc4 bxc4 38. Rc1 Rd3 39. a4 Ra3 40. a5 Ra2+ 41. Kf3 Rb2 42. Rxc4 Kd7 43. e4 Rb3+ 44. Kg2 Kd6 45. f3 h5 46. Kg3 Rb1 47. e5+ Kd7 48. Rd4+ Ke7 49. f5 gxf5 50. Kf4 Rb3 51. h4 Ke6 52. Rd6+ Ke7 53. Ra6 Rxb4+ 54. Kg5 Rb7 55. Kxh5 Kf8 56. Kg5 Kg7 57. Kxf5 Rc7 58. f4 Rb7 59. h5 Rc7 60. Kg5 Rb7 61. f5 Rc7 62. h6+ Kh7 63. Kf6 Kxh6 64. e6 fxe6 65. fxe6 Kh7 66. e7 Rc8 67. Kf7 Rc4 68. e8Q Rf4+ 69. Rf6 Rg4 70. Qh8+ 1-0

[Event "Batumi Municipality Cup"]
[Site "Batumi"]
[Date "2018.07.08"]
[Round "7"]
[White "Rahul, S."]
[Black "Akhvlediani, Irakli"]
[Result "1/2-1/2"]
[WhiteElo "2253"]
[BlackElo "2264"]
[PlyCount "158"]
[EventDate "2018.07.02"]
[EventType "swiss"]
[EventRounds "9"]
[EventCountry "GEO"]
[SourceTitle "CBM 185 Extra"]
[Source "ChessBase"]
[SourceDate "2018.07.29"]
[SourceVersion "1"]
[SourceVersionDate "2018.07.29"]
[SourceQuality "1"]

1. e4 c5 2. Nf3 Nc6 3. Bb5 Nf6 4. e5 Nd5 5. 0-0 Nc7 6. Bxc6 dxc6 7. d3 g6 8. h3 Bg7 9. Nc3 Ne6 10. Re1 0-0 11. Ne4 b6 12. Neg5 h6 13. Nxe6 Bxe6 14. Be3 Qc7 15. c3 Rfd8 16. d4 cxd4 17. cxd4 Qb7 18. Qc1 Kh7 19. Qc3 Bd5 20. Nh4 e6 21. f4 Bf8 22. Bf2 a5 23. a3 b5 24. Qd3 Be7 25. Kh2 a4 26. g4 c5 27. dxc5 Bc4 28. Qf3 Qxf3 29. Nxf3 Rd3 30. Kg2 Bd5 31. Re3 Rd2 32. Kg3 Rxb2 33. Rc3 Rb3 34. Rxb3 axb3 35. Nd2 b2 36. Rb1 Rxa3+ 37. Kh2 Rc3 38. Rxb2 Bxc5 39. Nb1 Rc1 40. Bxc5 Rxc5 41. Na3 Bc4 42. Rc2 g5 43. Nxb5 Rxb5 44. Rxc4 gxf4 45. Rxf4 Kg6 46. Re4 Kg5 47. Re2 Kh4 48. Re3 Rb2+ 49. Kg1 Rd2 50. Kh1 Rf2 51. Kg1 Rd2 52. Kh1 Rf2 53. Kg1 Rc2 54. Kh1 Kg5 55. Rf3 Kg6 56. Re3 h5 57. gxh5+ Kxh5 58. Rf3 Kg6 59. Kg1 Re2 60. Rg3+ Kh7 61. Rf3 Kg7 62. Rg3+ Kh6 63. Rf3 Kg6 64. Rg3+ Kh5 65. Rg7 Kh4 66. Rxf7 Kxh3 67. Rg7 Kh4 68. Kf1 Rxe5 69. Kf2 Rg5 70. Rxg5 Kxg5 71. Ke3 Kf5 72. Kf3 e5 73. Ke3 e4 74. Ke2 Kf4 75. Kf2 e3+ 76. Ke2 Ke4 77. Ke1 Kf3 78. Kf1 e2+ 79. Ke1 Ke3 1/2-1/2

[Event "Batumi Municipality Cup"]
[Site "Batumi"]
[Date "2018.07.06"]
[Round "5"]
[White "Rahul, S."]
[Black "Primbetov, Kazbek"]
[Result "1-0"]
[WhiteElo "2253"]
[BlackElo "2257"]
[PlyCount "125"]
[EventDate "2018.07.02"]
[EventType "swiss"]
[EventRounds "9"]
[EventCountry "GEO"]
[SourceTitle "CBM 185 Extra"]
[Source "ChessBase"]
[SourceDate "2018.07.29"]
[SourceVersion "1"]
[SourceVersionDate "2018.07.29"]
[SourceQuality "1"]

1. e4 c5 2. Nf3 d6 3. Bb5+ Bd7 4. c4 Nc6 5. d4 cxd4 6. Nxd4 Nf6 7. Nc3 g6 8. 0-0 Bg7 9. Bxc6 Bxc6 10. Re1 0-0 11. h3 Rc8 12. b3 a6 13. Bb2 e6 14. Qd2 Qa5 15. Rad1 Qh5 16. Ba3 Rfd8 17. Nxc6 Rxc6 18. e5 Ne8 19. exd6 Qa5 20. Nb1 Qf5 21. c5 b6 22. cxb6 Nxd6 23. Bxd6 Rxb6 24. g4 Qf6 25. Be5 Rxd2 26. Bxf6 Rxd1 27. Rxd1 Bxf6 28. Na3 a5 29. Nc4 Rb5 30. Rd7 Bc3 31. Rxf7 a4 32. Re7 axb3 33. axb3 e5 34. Kg2 h6 35. Nd6 Rxb3 36. Ne4 Bd4 37. Nf6+ Kf8 38. Rh7 Rb2 39. Nd7+ Kg8 40. Nf6+ Kf8 41. Ne4 Be3 42. Kf3 Bf4 43. Nc5 Kg8 44. Rd7 Rc2 45. Ne6 Rc3+ 46. Ke4 Rc4+ 47. Kd3 Ra4 48. Rg7+ Kh8 49. Rxg6 e4+ 50. Ke2 Ra2+ 51. Kf1 e3 52. Nxf4 Rxf2+ 53. Kg1 Rxf4 54. Rxh6+ Kg7 55. Re6 Rf3 56. Kg2 Rf2+ 57. Kg3 Re2 58. h4 Re1 59. Kf4 Rf1+ 60. Kg5 Rf3 61. h5 Kf7 62. Re4 Rh3 63. Kf4 1-0

[Event "Batumi Municipality Cup"]
[Site "Batumi"]
[Date "2018.07.05"]
[Round "4"]
[White "Chkhaidze, Nikoloz"]
[Black "Rahul, S."]
[Result "1/2-1/2"]
[WhiteElo "2337"]
[BlackElo "2253"]
[PlyCount "20"]
[EventDate "2018.07.02"]
[EventType "swiss"]
[EventRounds "9"]
[EventCountry "GEO"]
[SourceTitle "CBM 185 Extra"]
[Source "ChessBase"]
[SourceDate "2018.07.29"]
[SourceVersion "1"]
[SourceVersionDate "2018.07.29"]
[SourceQuality "1"]

1. d4 Nf6 2. c4 g6 3. Nc3 Bg7 4. e4 d6 5. Nf3 0-0 6. Be2 e5 7. d5 a5 8. Bg5 h6 9. Be3 Ng4 10. Bd2 Na6 1/2-1/2

[Event "Bangkok op 17th"]
[Site "Bangkok"]
[Date "2017.04.08"]
[Round "1"]
[White "Lin, Chen"]
[Black "Rahul, S."]
[Result "0-1"]
[WhiteElo "2475"]
[BlackElo "1971"]
[PlyCount "54"]
[EventDate "2017.04.08"]
[EventType "swiss"]
[EventRounds "9"]
[EventCountry "THA"]
[SourceTitle "CBM 177 Extra"]
[Source "ChessBase"]
[SourceDate "2017.04.27"]
[SourceVersion "1"]
[SourceVersionDate "2017.04.27"]
[SourceQuality "1"]

1. e4 c5 2. Nf3 e6 3. g3 Nc6 4. Bg2 Nf6 5. Nc3 e5 6. d3 h6 7. 0-0 d6 8. Nd2 Nd4 9. Nc4 Be7 10. f4 Bg4 11. Qd2 exf4 12. gxf4 0-0 13. e5 dxe5 14. fxe5 Nh7 15. Ne3 Qd7 16. Ncd5 Bg5 17. c3 Rae8 18. cxd4 cxd4 19. h4 dxe3 20. Nxe3 Bxh4 21. Nxg4 Qxg4 22. Qf4 Qh5 23. d4 f6 24. e6 Rxe6 25. Bxb7 Ng5 26. Bg2 Rfe8 27. Bd2 Re2 0-1